| 000 | 00638nam a2200205 a 4500 | ||
|---|---|---|---|
| 005 | 20210223124846.0 | ||
| 008 | 030306s2000 mx r 000 0 spa d | ||
| 020 | _a9706900365 | ||
| 035 | _aUPN01000122596 | ||
| 049 | _aCG | ||
| 050 | 4 |
_aPN1990.9 A8.8 _bC6.3 |
|
| 100 | 1 | _aComparato, Doc | |
| 245 | 1 | 0 |
_aCómo escribir el guión para cine y televisión / _cDoc Comparato ; tr. Sabrina Farji. |
| 260 |
_aMéxico : _bPlaneta, _cc2000. |
||
| 300 | _a326 p. | ||
| 534 |
_pTradución de: _tDa criacao ao roteiro |
||
| 650 | 4 |
_aCINEMATOGRAFIA - _vARGUMENTOS, TRAMAS, ETC. _91750 |
|
| 650 | 4 |
_aTELEVISION - _vLIBRETOS _913900 |
|
| 905 | _aLibro | ||
| 999 |
_c94781 _d94781 |
||